Taxmann's employees : how to save income tax (Record no. 140605)

MARC details
000 -LEADER
fixed length control field 00783nam a22001817a 4500
005 - DATE AND TIME OF LATEST TRANSACTION
control field 20170531115231.0
020 ## - INTERNATIONAL STANDARD BOOK NUMBER
International Standard Book Number 9789350719084
Terms of availability 495.00
035 ## - SYSTEM CONTROL NUMBER
System control number B-666052
037 ## - SOURCE OF ACQUISITION
Stock number dpl
Source of stock number/acquisition Variety/Ven
082 ## - DEWEY DECIMAL CLASSIFICATION NUMBER
Classification number 343.54052
245 ## - TITLE STATEMENT
Title Taxmann's employees : how to save income tax
Remainder of title as amended by finance act 2016: asst. years 2016-17 & 2017-18 /
250 ## - EDITION STATEMENT
Edition statement 27th ed
260 ## - PUBLICATION, DISTRIBUTION, ETC. (IMPRINT)
Place of publication, distribution, etc New Delhi
Name of publisher, distributor, etc Taxmann Publications
Date of publication, distribution, etc 2016
270 ## - ADDRESS
Address 59/32, New Rohtak Road,
City New Delhi
Postal code 110005
Telephone number +91-11-45562222
Fax number -
Electronic mail address -
300 ## - PHYSICAL DESCRIPTION
Extent I-34,376p.
Dimensions 24cm(pbk)
942 ## - ADDED ENTRY ELEMENTS (KOHA)
Source of classification or shelving scheme Dewey Decimal Classification
Item type English Books
Call number suffix TAX
Classification part 343.54052
Holdings
Withdrawn status Lost status Not for loan Collection code Home library Current library Date acquired Source of acquisition Cost, normal purchase price Full call number Barcode Copy number Cost, replacement price Koha item type
      Non-fiction Ashok Vihar Ashok Vihar 31/05/2017 BPPD/EN/2015-16/AV/16-17/410/15.2.2017/IN1434/7.3.2017/ 10.3.2017 495.00 343.54052 TAX B-666052 1 495.00 English Books

© Delhi Public Library
Hit Counter
free hit counter